1368 1475 1926 1542 1043 1368 1982 1120 1793 1520 1508 1626 1398 1603 1505 1018 1433 1554 1156 1875 1030 1688 1965 1635 1540 1502 1477 1558 1766 1006 1188 1144 1519 1980 1795 1876 1097 1838 1371 1820 1627 1959 1449 1979 1678 1486 1009 1486 1330 1203 1320 1950 1642 1479 1259 1925 1619 1990 1400 1283 1954 1944 1400 1492 1896 1855 1775 1633 1592 1429 1409 1738 1236 1097 1697 1714 1149 1613 1087 1279 1801 1198 1939 1991 1943 1382 1774 1381 1848 1647 1858 1194 1018 1556 1913 1089 1970 1287 1119 BCNSPRNW ULIB Ver.6.0+V

เปลี่ยนเป็นภาษาไทย

Change to English
 แสดงรายละเอียดบรรณานุกรม
  กลับหน้าหลัก

Brief Record : Get Marc (ISO 2709) : E-mail record : QR code < ปิดหน้าต่าง
LEADER : 00000nam 2200000uu 4500
001    13399122325
003     ULIB
008    130212s2555||||th 000 0 tha d
020    ^a9786162791055
060  4 ^aWI300^bก523
245 00 ^aการส่องกล้องทางเดินอาหารส่วนบน =^bUpper GI endoscopy /^cบรรณาธิการ สุพจน์ พงศ์ประสบชัย, ธวัชชัย อัครวิพุธ, สมชายลีลากุศลวงศ์
250    ^aพิมพ์ครั้งที่ 1
260    ^aกรุงเทพฯ :^bกรุงเทพเวชสาร,^c2555
300    ^a253 หน้า :^bภาพประกอบ
650  7 ^aการส่องตรวจทางเดินอาหาร
650  7 ^aระบบกระเพาะอาหารและลำไส้^xโรค^xการวินิจฉัย
650  7 ^aทางเดินอาหารและลำไส้, ระบบ^xการวินิจฉัย
650  7 ^aระบบกระเพาะอาหารและลำไส้^xโรค^xการรักษา
650  7 ^aทางเดินอาหารและลำไส้, ระบบ^xการรักษา
700 0  ^aสุพจน์ พงศ์ประสบชัย,^eบรรณาธิการ
700 0  ^aธวัชชัย อัครวิพุธ,^eบรรณาธิการ
700 0  ^aสมชาย ลีลากุศลวงศ์,^eบรรณาธิการ
945    ^p500^l0^i033562
945    ^p500^l0^i033563
999    ^a เกษร
รายการนี้ยังไม่มีแท็ก
คุณยังไม่ได้ล็อกอิน คุณสามารถมีกิจกรรมร่วมกับเว็บไซต์ได้ แต่ต้องล็อกอินก่อน ::
  ล็อกอิน

รายการสื่อสารสนเทศ

ลำดับที่ ประเภท เลขเรียก/บาร์โค้ด สถานที่ สถานะ
1. วิทยาศาสตร์การแพทย์ และสุขภาพ
หนังสือสำรอง
สถานะ=หนังสือสำรอง
WI300 ก523 ฉ.1 
  Barcode: 033562
ห้องสมุดวิทยาเขตสวรรค์ประชารักษ์
►ส่วนจัดเก็บหนังสือเก่า สปร
บนชั้น
  ขอยืม
2. วิทยาศาสตร์การแพทย์ และสุขภาพ
วิทยาศาสตร์การแพทย์ และสุขภาพ
WI300 ก523 ฉ.2 
  Barcode: 033563
ห้องสมุดวิทยาเขตสวรรค์ประชารักษ์
►ส่วนจัดเก็บหนังสือเก่า สปร
บนชั้น
  ขอยืม

รายการใกล้เคียง
    หัวเรื่อง [การส่องตรวจทางเดินอาหาร]

BibComment


ยังไม่เคยถูกคอมเมนท์

คอมเมนท์ทรัพยากรรายการนี้
  คอมเมนท์: การส่องกล้องทางเ..


 Copyright 2026. Bcnsprnw @Library